000 00922nam a2200301 a 4500
001 46251
003 BD-RjUL
005 20211209054127.0
008 160801s1935 enk 00110 eng
035 _a(BD-RjUL)46369
035 _a(BD-RjUL)
035 _a1667177
040 _aBD-RjUL
_beng
_cBD-RjUL
041 _aeng
082 0 _a342.42
_bPON 1935
100 1 _aPorteous, James A. A.
_q(.ames Archibald Asbury),
_d1902-
_9141270
245 1 4 _aThe new unionism /
_cJames A. A. Porteous.
260 _aLondon :
_bG. Allen & Unwin ltd.,
_c1935
300 _a639 p. ;
_c23 cm.
500 _aIncludes index
650 0 _aSocialism.
_9141271
650 0 _aCapitalism.
_9141272
651 0 _aGreat Britain
_xPolitics and government.
_9141273
651 0 _aGreat Britain
_xEconomic policy.
_9141274
651 0 _aGreat Britain
_xEconomic conditions
_y1918-1945.
_9139171
942 _2ddc
_cBK
999 _c46251
_d46251